| 000 | 00554cam a22001811 4500 | ||
|---|---|---|---|
| 082 |
_a359.009 _bGRE _cD |
||
| 100 | 1 |
_aGrenfell, Russell. _949784 |
|
| 245 | 1 | 0 |
_aSea power in the next war, _cby Commander Russell Grenfell. |
| 250 | _a"First published in 1938." | ||
| 260 |
_aLondon, _bG. Bles _c[1938] |
||
| 300 |
_aviii, 183, [1] p. _c21 cm. |
||
| 490 | 0 | _a(The next war, a series ed. by Captain Liddell Hart) | |
| 526 |
_a0 _b0 _c0 _d359_009000000000000_GRE |
||
| 650 | 0 |
_aMCE _9379 |
|
| 650 | 0 |
_aSea-power. _949341 |
|
| 650 | 0 | _aWar. | |
| 942 |
_2ddc _cBK |
||
| 999 |
_c552551 _d552551 |
||